000 00412nam a2200169Ia 4500
001 23428
003 IN-NITTTR
005 20251114233303.0
008 251113s9999||||xx |||||||||||||| ||eng||
040 _beng
040 _cIN-NITTTR
041 _aeng
082 _aR690.8 T193P
100 _aBart, Jahn
245 0 _aPractical cost-saving techniques for housing construction /
_cBart, Jahn
942 _2ddc
_cBK
999 _c26057
_d26057